000 01015cam a2200241 a 4500
001 000001035
005 20200929145453.0
008 970513s1994 it a c 000 0 ita
020 _a8880160648
040 _aDO-SdBNP
_cDLC
_dDLC
043 _ae-it---
082 _a945
_bM665R
110 1 _aItalia
_bMinistero per i Beni Culturali e Ambientali
_93583
245 1 0 _aRoma in stereoscopia :
_b1855-1908 /
_cMinistero per i Beni Culturali e Ambientali.Ufficio centrale per i beni librari e gli istituti culturali.Biblioteca vallicelliana. Museo di Palazzo Venezia.
300 _a159 p. :
_bretrs. ;
_c30 cm.
504 _aBibliografía: p. 12-13
651 4 _aRoma (Italia{Rpara}
_xObras Ilustradas
_xExposiciones
_93584
651 4 _aRoma (Italia{Rpara}
_xExposiciones
_93585
710 1 _aItalia.
_bUfficio centrale per i beni librari e gli istituti culturali.
_93586
710 2 _aBiblioteca vallicelliana.
_93587
710 2 _aMuseo di Palazzo Venezia (Roma, Italia)
_93588
910 _aCatalogación por copia / LC
999 _c1011
_d1011